Návrat Montessori k budúcim učiteľom, ciele, zámery, torzo projektu

Bibliographic Details
Main Author: Novotná, Erika (pedagogička) (Author)
Format: Article
Language:Slovak
ISBN:9788055510736
Subjects:
Online Access://www.pulib.sk/web/pdf/web/viewer.html?file=/web/kniznica/elpub/dokument/NovotnaE1/subor/9788055510736.pdf

MARC

LEADER 00000nab a2200000 4500
001 vtls012059351
003 SK-MaSNL
005 20260303210738.0
008 210621|2014 xo |||| ||an ||00 0|slo
015 |a SNBRB2021/06 
040 |a SPKCL  |b slo  |e rda 
041 |a slo  |b slo  |b eng 
044 |a xo  |c SK 
072 7 |a 37.09  |x Organizácia výučby a vzdelávanie.  |2 konspekt 
080 |a 37.091.4:377.8  |2 2011 
100 1 |a Novotná, Erika  |c (pedagogička)  |4 aut  |9 176508 
245 1 0 |a Návrat Montessori k budúcim učiteľom, ciele, zámery, torzo projektu  |c Erika Novotná 
336 |a text  |b txt  |2 rdacontent 
337 |a bez média  |b n  |2 rdamedia 
338 |a zväzok  |b nc  |2 rdacarrier 
504 |a Obsahuje bibliografiu 
546 |a Anglické a slovenské resumé 
610 2 7 |a Emerka (občianske združenie)  |2 pokpoh  |9 1242892 
610 2 7 |a Návrat Montessori k budúcim učiteľom (program)  |2 spk  |9 1242893 
650 0 7 |a metóda Montessori  |2 SNKPH  |9 117726 
650 0 7 |a vzdelávanie učiteľov  |2 SNKPH  |9 4031 
650 0 7 |a voľný čas  |2 SNKPH  |9 3355 
655 7 |a BZB  |2 SNKPH  |9 1080216 
773 0 |t Montessori v priestore formálneho a neformálneho vzdelávania učiteľov : zborník z odborného seminára, ktorý sa uskutočnil 24. októbra 2013 v Prešove  |d Prešov : Prešovská univerzita, 2014  |g S. 7-10  |h online  |z 9788055510736 
856 4 1 |u //www.pulib.sk/web/pdf/web/viewer.html?file=/web/kniznica/elpub/dokument/NovotnaE1/subor/9788055510736.pdf 
958 |a NB 
999 |c 2201488  |d 2203418